| 000 | 02796cam a22004935i 4500 | ||
|---|---|---|---|
| 001 | 21769372 | ||
| 005 | 20230123105455.0 | ||
| 006 | m |o d | | ||
| 007 | cr ||||||||||| | ||
| 008 | 180320s2018 gw |||| o |||| 0|eng | ||
| 010 | _a 2019758791 | ||
| 020 | _a9783319746692 | ||
| 024 | 7 |
_a10.1007/978-3-319-74669-2 _2doi |
|
| 035 | _a(DE-He213)978-3-319-74669-2 | ||
| 040 |
_aDLC _beng _epn _erda _cDLC |
||
| 050 | _aQC 903 .S47 2018 | ||
| 072 | 7 |
_aRNPG _2bicssc |
|
| 072 | 7 |
_aRNPG _2thema |
|
| 072 | 7 |
_aSCI026000 _2bisacsh |
|
| 245 | 0 | 0 |
_aCommunicating Climate Change Information for Decision-Making / _cedited by Silvia Serrao-Neumann, Anne Coudrain, Liese Coulter. |
| 250 | _a1st ed. 2018. | ||
| 300 | _a1 online resource (XIV, 219 pages 24 illustrations, 15 illustrations in color.) | ||
| 490 | 1 |
_aSpringer Climate, _x2352-0698 |
|
| 520 | _aThis book provides important insight on a range of issues focused on three themes; what new climate change information is being developed, how that knowledge is communicated and how it can be usefully applied across international, regional and local scales. There is increasing international investment and interest to develop and communicate updated climate change information to promote effective action. As change accelerates and planetary boundaries are crossed this information becomes particularly relevant to guide decisions and support both proactive adaptation and mitigation strategies. Developing new information addresses innovations in producing interdisciplinary climate change knowledge and overcoming issues of data quality, access and availability. This book examines effective information systems to guide decision-making for immediate and future action. Cases studies in developed and developing countries illustrate how climate change information promotes immediate and future actions across a range of sectors. | ||
| 650 | 0 | _aClimate change. | |
| 650 | 0 | _aCommunication. | |
| 650 | 0 | _aEnvironmental health. | |
| 650 | 0 | _aPolitical communication. | |
| 650 | 1 | 4 | _aClimate Change. |
| 650 | 2 | 4 | _aClimate Change Management and Policy. |
| 650 | 2 | 4 | _aCommunication Studies. |
| 650 | 2 | 4 | _aEnvironmental Health. |
| 650 | 2 | 4 | _aPolitical Communication. |
| 700 | 1 |
_aCoudrain, Anne. _eeditor. |
|
| 700 | 1 |
_aCoulter, Liese. _eeditor. |
|
| 700 | 1 |
_aSerrao-Neumann, Silvia. _eeditor. |
|
| 776 | 0 | 8 |
_iPrint version: _tCommunicating climate change information for decision-making. _z9783319746685 _w(DLC) 2018930125 |
| 776 | 0 | 8 |
_iPrinted edition: _z9783030090500 |
| 776 | 0 | 8 |
_iPrinted edition: _z9783319746685 |
| 776 | 0 | 8 |
_iPrinted edition: _z9783319746708 |
| 830 | 0 | _aSpringer Climate, | |
| 906 |
_a0 _bibc _corigres _du _encip _f20 _gy-gencatlg |
||
| 942 |
_2lcc _cBOOKS _hQC 903 .S47 2018 |
||
| 999 |
_c31519 _d31519 |
||